Disipación de energía plástica considerando modelos con degradación de rigidez en estructuras de un grado de libertad

Zapisane w:
Opis bibliograficzny
1. autor: Aguilar Chaves, Federico
Format: Książka
Wydane: San José, C.R. 1999
Hasła przedmiotowe:
Etykiety: Dodaj etykietę
Nie ma etykietki, Dołącz pierwszą etykiete!

MARC

LEADER 00000nam a2200000Ia 4500
003 008738
005 20221231144214.0
008 140114s1999 cr a m 000 ||s d
040 |c cru CEDI 
090 |a TFG 4035 
100 |a Aguilar Chaves, Federico  |9 8535 
245 |a Disipación de energía plástica considerando modelos con degradación de rigidez en estructuras de un grado de libertad  
260 |c 1999  |a  San José, C.R. 
300 |a 101 hojas : ilustraciones a color  
500 |a Proyecto de graduación (licenciatura en ingeniería civil)--Universidad de Costa Rica. Facultad de Ingeniería. Escuela de Ingeniería Civil 
650 |x DINAMICA DE ESTRUCTURAS   |x RESISTENCIA A LOS TERREMOTOS  |9 8537 
942 |c TFG 
999 |c 18433  |d 18433